Beyond Good and Evil/ (Record no. 216402)

MARC details
000 -LEADER
fixed length control field 00591nam a22002057a 4500
005 - DATE AND TIME OF LATEST TRANSACTION
control field 20260529144315.0
010 ## - LCCN (DPL NO)
LC control number ENG-148681
020 ## - INTERNATIONAL STANDARD BOOK NUMBER
International Standard Book Number 9789347590467
Terms of availability 225.00
035 ## - SYSTEM CONTROL NUMBER
System control number EN-132213
037 ## - SOURCE OF ACQUISITION
Source of stock number/acquisition DBAD
082 ## - DEWEY DECIMAL CLASSIFICATION NUMBER
Classification number N
Edition number 1
100 ## - MAIN ENTRY--PERSONAL NAME
Personal name Nietzsche, Friedrich
245 ## - TITLE STATEMENT
Title Beyond Good and Evil/
Statement of responsibility, etc Friedrich Nietzsche
250 ## - EDITION STATEMENT
Edition statement 1
260 ## - PUBLICATION, DISTRIBUTION, ETC. (IMPRINT)
Place of publication, distribution, etc Chandigarh
Name of publisher, distributor, etc The Browser
Date of publication, distribution, etc 2026
270 ## - ADDRESS
City Chandigarh
Address SCO 14-15, Sector 8-C
Postal code 160009
Electronic mail address service@thebrowser.org
300 ## - PHYSICAL DESCRIPTION
Extent 157p.
Dimensions 20cm(pb)
500 ## - GENERAL NOTE
General note Prelude to a Philosophy of the Future
942 ## - ADDED ENTRY ELEMENTS (KOHA)
Source of classification or shelving scheme Dewey Decimal Classification
Item type English Books
Classification part N
Call number suffix NIE
Holdings
Withdrawn status Lost status Not for loan Collection code Home library Current library Date acquired Source of acquisition Cost, normal purchase price Full call number Barcode Copy number Cost, replacement price Koha item type
      Fiction Tri Nagar Tri Nagar 29/05/2026 Delivery of Books Act Division 225.00 N NIE EN-132213 1 225.00 English Books

© Delhi Public Library
Hit Counter
free hit counter